Statistics for Click the Movie Title Ending #6

Click here to take the quiz!

General Stats

  • This quiz has been taken 8,122 times
  • The average score is 16 of 24

Answer Stats

HintAnswer% Correct
DespicableMe
94%
LiarLiar
89%
Gulliver'sTravels
85%
GoneGirl
84%
StepBrothers
81%
MarsAttacks!
80%
SixteenCandles
80%
KingRichard
78%
JackReacher
73%
YourHighness
67%
DirtyHarry
65%
DangerousMinds
61%
DickTracy
61%
WildThings
60%
OpenWater
59%
BadTeacher
58%
InTime
57%
YoungFrankenstein
56%
FredClaus
55%
HopeFloats
52%
RaisingArizona
50%
FreeGuy
50%
DocHollywood
44%
LittleNicky
40%

Score Distribution

Percentile by Number Answered

Percent of People with Each Score

Your Score History

You have not taken this quiz